<?xml version="1.0" encoding="UTF-8"?>
<record
    xmlns:xsi="http://www.w3.org/2001/XMLSchema-instance"
    xsi:schemaLocation="http://www.loc.gov/MARC21/slim http://www.loc.gov/standards/marcxml/schema/MARC21slim.xsd"
    xmlns="http://www.loc.gov/MARC21/slim">

  <leader>00644nam a22002297a 4500</leader>
  <controlfield tag="005">20240514064356.0</controlfield>
  <controlfield tag="008">240514b        |||||||| |||| 00| 0 eng d</controlfield>
  <datafield tag="040" ind1=" " ind2=" ">
    <subfield code="a">KMU</subfield>
    <subfield code="c">KMU</subfield>
    <subfield code="d">KMU</subfield>
    <subfield code="e">rda</subfield>
  </datafield>
  <datafield tag="100" ind1=" " ind2=" ">
    <subfield code="a">COMESA</subfield>
  </datafield>
  <datafield tag="245" ind1=" " ind2=" ">
    <subfield code="a">COMESA-EAC-SADC Climate Change Programmes:</subfield>
    <subfield code="b">African Position on Climate Change</subfield>
    <subfield code="c">COMESA,JUMUYA YA AFRIKA MASHARIK and SADC</subfield>
  </datafield>
  <datafield tag="260" ind1=" " ind2=" ">
    <subfield code="b">COMESA</subfield>
    <subfield code="c">2013. </subfield>
  </datafield>
  <datafield tag="300" ind1=" " ind2=" ">
    <subfield code="a">48 P.:</subfield>
    <subfield code="c">19 cm</subfield>
  </datafield>
  <datafield tag="520" ind1=" " ind2=" ">
    <subfield code="a">Includes summary, background and origin of UNFCCC</subfield>
  </datafield>
  <datafield tag="650" ind1=" " ind2=" ">
    <subfield code="a">SADC</subfield>
  </datafield>
  <datafield tag="650" ind1=" " ind2=" ">
    <subfield code="a">EAC</subfield>
  </datafield>
  <datafield tag="650" ind1=" " ind2=" ">
    <subfield code="a">COMESA</subfield>
  </datafield>
  <datafield tag="650" ind1=" " ind2=" ">
    <subfield code="a">Africa</subfield>
  </datafield>
  <datafield tag="650" ind1=" " ind2=" ">
    <subfield code="a">Climate Change</subfield>
  </datafield>
  <datafield tag="700" ind1=" " ind2=" ">
    <subfield code="a">EAC</subfield>
  </datafield>
  <datafield tag="700" ind1=" " ind2=" ">
    <subfield code="a">SADC</subfield>
  </datafield>
  <datafield tag="942" ind1=" " ind2=" ">
    <subfield code="2">lcc</subfield>
    <subfield code="c">SE</subfield>
    <subfield code="n">0</subfield>
  </datafield>
  <datafield tag="999" ind1=" " ind2=" ">
    <subfield code="c">1200</subfield>
    <subfield code="d">1200</subfield>
  </datafield>
  <datafield tag="952" ind1=" " ind2=" ">
    <subfield code="0">0</subfield>
    <subfield code="1">0</subfield>
    <subfield code="4">0</subfield>
    <subfield code="7">0</subfield>
    <subfield code="8">NFIC</subfield>
    <subfield code="a">CPL</subfield>
    <subfield code="b">CPL</subfield>
    <subfield code="c">SP</subfield>
    <subfield code="d">2024-05-14</subfield>
    <subfield code="e">CBU</subfield>
    <subfield code="l">0</subfield>
    <subfield code="o">COMESA(02)2013/4G</subfield>
    <subfield code="p">B3535</subfield>
    <subfield code="r">2024-05-14 00:00:00</subfield>
    <subfield code="w">2024-05-14</subfield>
    <subfield code="y">SE</subfield>
  </datafield>
  <datafield tag="952" ind1=" " ind2=" ">
    <subfield code="0">0</subfield>
    <subfield code="1">0</subfield>
    <subfield code="4">0</subfield>
    <subfield code="7">0</subfield>
    <subfield code="8">NFIC</subfield>
    <subfield code="a">CPL</subfield>
    <subfield code="b">CPL</subfield>
    <subfield code="c">SP</subfield>
    <subfield code="d">2024-05-14</subfield>
    <subfield code="e">CBU</subfield>
    <subfield code="l">0</subfield>
    <subfield code="o">COMESA(02)2013/4F</subfield>
    <subfield code="p">B3534</subfield>
    <subfield code="r">2024-05-14 00:00:00</subfield>
    <subfield code="w">2024-05-14</subfield>
    <subfield code="y">SE</subfield>
  </datafield>
  <datafield tag="952" ind1=" " ind2=" ">
    <subfield code="0">0</subfield>
    <subfield code="1">0</subfield>
    <subfield code="4">0</subfield>
    <subfield code="7">0</subfield>
    <subfield code="8">NFIC</subfield>
    <subfield code="a">CPL</subfield>
    <subfield code="b">CPL</subfield>
    <subfield code="c">SP</subfield>
    <subfield code="d">2024-05-14</subfield>
    <subfield code="e">CBU</subfield>
    <subfield code="l">0</subfield>
    <subfield code="o">COMESA(02)2013/4E</subfield>
    <subfield code="p">B3533</subfield>
    <subfield code="r">2024-05-14 00:00:00</subfield>
    <subfield code="w">2024-05-14</subfield>
    <subfield code="y">SE</subfield>
  </datafield>
  <datafield tag="952" ind1=" " ind2=" ">
    <subfield code="0">0</subfield>
    <subfield code="1">0</subfield>
    <subfield code="4">0</subfield>
    <subfield code="7">0</subfield>
    <subfield code="8">NFIC</subfield>
    <subfield code="a">CPL</subfield>
    <subfield code="b">CPL</subfield>
    <subfield code="c">SP</subfield>
    <subfield code="d">2024-05-14</subfield>
    <subfield code="e">CBU</subfield>
    <subfield code="l">0</subfield>
    <subfield code="o">COMESA(02)2013/4H</subfield>
    <subfield code="p">B3536</subfield>
    <subfield code="r">2024-05-14 00:00:00</subfield>
    <subfield code="w">2024-05-14</subfield>
    <subfield code="y">SE</subfield>
  </datafield>
</record>
